Настольная книга хозяйственного руководителя, предпринимателя, коммерсанта, бизнесмена

Bibliographic Details
Summary:Исключено из фонда НТБ ТПУ
Language:Russian
Published: Москва, Маркетинг, 1993
Edition:2-е изд., перераб. и доп.
Format: Book
KOHA link:https://koha.lib.tpu.ru/cgi-bin/koha/opac-detail.pl?biblionumber=18162

MARC

LEADER 00000nam0a2200000 4500
001 18162
005 20231030191204.0
010 |a 5869800153 
035 |a (RuTPU)RU\TPU\book\18311 
035 |a BOOK00002999 
090 |a 18162 
100 |a 20011209d1993 m y0rusy50 ca 
101 0 |a rus 
102 |a RU 
105 |a y z 000zy 
200 1 |a Настольная книга хозяйственного руководителя, предпринимателя, коммерсанта, бизнесмена 
205 |a 2-е изд., перераб. и доп. 
210 |a Москва  |c Маркетинг  |d 1993 
215 |a 239 с. 
333 |a Исключено из фонда НТБ ТПУ 
801 0 |a RU  |b 63413507  |c 20011209  |g PSBO 
801 2 |a RU  |b 63413507  |c 20120515  |g PSBO 
942 |c BK